| 000 | 03970nkm0a2200541 4500 | ||
|---|---|---|---|
| 001 | RU\NLR\BIBL_A\012143778 | ||
| 005 | 20260408200936.0 | ||
| 035 | _a(NLR Aleph) 012143778 | ||
| 071 | 5 | 0 | _a32 |
| 090 |
_a13424817 _c13424817 |
||
| 100 | _a20191120d1917 |||y0rusy50 ca | ||
| 101 | 0 | _arus | |
| 102 | _aRU | ||
| 116 | _afiybxx xx ae | ||
| 135 | _acrcn 024anaba | ||
| 200 | 1 |
_aВсенародные похороны жертв павших за свободу 23-го марта 1917 г. в Петрограде _bИзоматериал _e[открытка] |
|
| 210 |
_aПетроград _cФотопеч. А.И. Центер _d[1917] |
||
| 215 |
_a1 л. _cфотография _d8,7х13,8 |
||
| 301 | _aИзд. номер: 32 | ||
| 316 |
_aЭкз. РНБ на шифре Э ОИр655/129, Эм49356: на адрес. стороне штемпель: "20 к". Из коллекции И.Н. Чуракова _5NLR: Э ОИр655/129 |
||
| 325 | _aКопия доступна в Электрон. б-ке РНБ | ||
| 327 | 0 | _aУчастники траурной процессии с транспарантами "Петрг. Никол. воен. госпиталь", "Вечная память павшим - борцам за свободу", "Да здравствует демократическая республика!" и с другими транспарантами на пересечении Невского и Литейного проспектов в Петрограде | |
| 606 | 1 |
_aПочтовые открытки маркированные художественные _yРоссия _z1895 - 1917 _92195710 _3RU\NLR\AUTH\6601555036 |
|
| 606 | 1 |
_aФотографические открытки _92151039 _3RU\NLR\AUTH\661600135 |
|
| 606 | 1 |
_aФевральская буржуазно-демократическая революция _jОткрытки _z1917 _91371335 _3RU\NLR\AUTH\66260730 |
|
| 606 | 1 |
_aПохороны _jОткрытки _91942486 _3RU\NLR\AUTH\66887864 |
|
| 607 |
_aПетроград, город _jОткрытки _92273874 _3RU\NLR\AUTH\661362774 |
||
| 607 |
_aНевский проспект (Санкт-Петербург, город) _jОткрытки _92229930 _3RU\NLR\AUTH\661338466 |
||
| 607 |
_aЛитейный проспект (Санкт-Петербург, город) _jОткрытки _3RU\NLR\AUTH\661452086 _92440842 |
||
| 610 | 1 | _aВидовые открытки | |
| 617 |
_aРоссия _cПетроградская губерния _cПетроградский уезд _dПетроград, город _f19170323 _kЛитейная часть _kНевский проспект |
||
| 617 |
_aРоссия _cПетроградская губерния _cПетроградский уезд _dПетроград, город _kМосковская часть _kНевский проспект |
||
| 617 |
_aРоссия _cПетроградская губерния _cПетроградский уезд _dПетроград, город _kЛитейная часть _kЛитейный проспект |
||
| 686 | 0 | _aЩ153(2Р=Рус)53-489 | |
| 702 | 1 |
_4390 _aЧураков _bИ. Н. _f1892-1942 _gИгорь Николаевич _9134324 _3RU\NLR\AUTH\770134358 |
|
| 712 | 0 | 0 |
_4650 _4410 _aЦентер, _cПетроград _gАвгуст Иоганнович, _hиздательство и фотопечатня _9436944 _3RU\NLR\AUTH\880385346 |
| 852 | 0 | 0 |
_aNLR _bЭ _jОИр655/129 _mЭм49356 |
| 856 | 0 | _uhttps://vivaldi.nlr.ru/lo000072184/view | |
| 856 | 1 | _uhttps://vivaldi.nlr.ru/lo000072184/cover | |
| 856 | 2 | _uhttps://vivaldi.nlr.ru/lo000072184/text | |
| 942 | _cVISUAL | ||
| 980 | _aNB | ||
| 981 | 1 | 7 |
_a(17) Изографические материалы _b(17) Открытки |